000 00215 a2200097 4500
001 6671
100 _aNestorides, E.J
245 _aHandbook on torsional vibration
260 _a
_bCambridge
_c
090 _c5524
_d5524
942 _aNUST-CAE
_cM
_c31961
999 _c241744
_d241744